| 000 | 00688nam a2200229 a 4500 | ||
|---|---|---|---|
| 999 |
_c6451 _d6451 |
||
| 001 | 6451 | ||
| 003 | BD-JhCC | ||
| 005 | 20180123193101.0 | ||
| 008 | 180123s1986 bg |||| |||| 000 0 ben d | ||
| 035 | _a(BD-JhCC) 6451 | ||
| 040 |
_aBD-JhCC _dBD-JhCC |
||
| 041 | _aben | ||
| 082 |
_a297.55 _bAMA 1986 |
||
| 100 | _aআল-আমান, আবদুল আজীজ | ||
| 245 |
_aকাবার পথে / _cআবদুল আজীজ আল-আমান |
||
| 260 |
_aইউরেকা বুক হাউজ, _bঢাকা : _c১৯৮৬. |
||
| 300 |
_a৬১৬ পৃ. : _c২২ সেমি. |
||
| 650 | _aIslam | ||
| 650 | _aHajj | ||
| 942 |
_2ddc _cBK |
||